| 000 | 00707nam a2200229 4500 | ||
|---|---|---|---|
| 003 | OSt | ||
| 005 | 20260601170954.0 | ||
| 008 | 260506b1988\\\\|||a||||\||||\00|\0\eng\d | ||
| 020 | _a0823009270 | ||
| 040 |
_aICI _bspa _cICI |
||
| 050 |
_aNA2760 _b.W38 |
||
| 100 | 1 |
_aE. Wiggings, Glenn _930306 |
|
| 245 | 1 |
_aConstruction Details for Commercial Buildings: _bA Graphics Files for Arch. _cGlenn E. Wiggins |
|
| 264 |
_bWhitney Library of Design _c1988 _aNew York |
||
| 300 | _a318 páginas | ||
| 336 |
_atexto _2rdacontent |
||
| 337 |
_asin medio _2rdamedia |
||
| 338 |
_avolumen _2rdacarrier |
||
| 500 | _aLibro de Referencia | ||
| 650 |
_aConstrucción de edificios comerciales _930307 |
||
| 942 |
_2ddc _cB _n1 |
||
| 999 |
_c19772 _d19772 |
||